[Event "Regionalliga SW 1213"]
[Site "Bayern"]
[Date "2013.01.13"]
[Round "5.5"]
[White "Wiegner, Denis"]
[Black "Reimann, Robert"]
[Result "1/2-1/2"]
[WhiteElo "2121"]
[BlackElo "2082"]
[PlyCount "24"]
[EventDate "2012.10.14"]
[EventType "team-tourn"]
[EventRounds "9"]
[EventCountry "GER"]
[SourceTitle "EXT 2015"]
[Source "ChessBase"]
[SourceDate "2014.11.20"]
[SourceVersion "1"]
[SourceVersionDate "2014.11.20"]
[SourceQuality "1"]
[WhiteTeam "Garching II"]
[BlackTeam "Goeggingen"]
[WhiteTeamCountry "GER"]
[BlackTeamCountry "GER"]

1. e4 e5 2. Nf3 Nc6 3. Bb5 Nf6 4. 0-0 Bc5 5. Nxe5 Nxe5 6. d4 a6 7. Ba4 Qe7 8. dxc5 Qxc5 9. Nc3 0-0 10. Bg5 Nf3+ 11. Qxf3 Qxg5 12. Rfe1 d6 1/2-1/2

[Event "Regionalliga SW 1213"]
[Site "Bayern"]
[Date "2012.11.25"]
[Round "3.4"]
[White "Gashi, Gazmend"]
[Black "Wiegner, Denis"]
[Result "0-1"]
[WhiteElo "1933"]
[BlackElo "2121"]
[PlyCount "68"]
[EventDate "2012.10.14"]
[EventType "team-tourn"]
[EventRounds "9"]
[EventCountry "GER"]
[SourceTitle "EXT 2015"]
[Source "ChessBase"]
[SourceDate "2014.11.20"]
[SourceVersion "1"]
[SourceVersionDate "2014.11.20"]
[SourceQuality "1"]
[WhiteTeam "MSA Zugzwang II"]
[BlackTeam "Garching II"]
[WhiteTeamCountry "GER"]
[BlackTeamCountry "GER"]

1. d4 d5 2. Nf3 Nf6 3. Bf4 e6 4. e3 c5 5. c3 Qb6 6. Qc2 Nc6 7. Nbd2 Bd7 8. Bd3 Nh5 9. Bg5 h6 10. Bh4 cxd4 11. Nxd4 g5 12. Bg3 Nxg3 13. hxg3 0-0-0 14. b4 Kb8 15. a4 Rc8 16. a5 Nxd4 17. exd4 Qc7 18. Nb1 e5 19. b5 exd4 20. 0-0 Qe5 21. a6 b6 22. Ra4 dxc3 23. Rd1 h5 24. Be4 Be6 25. Bd3 h4 26. g4 Bd6 27. Bf5 Bxf5 28. gxf5 Qh2+ 29. Kf1 Qh1+ 30. Ke2 Qxg2 31. Nxc3 Rhe8+ 32. Kd3 Qf3+ 33. Kd2 Rxc3 34. Qxc3 Re2+ 0-1

[Event "Regionalliga SW 1112"]
[Site "Bayern"]
[Date "2012.02.26"]
[Round "7.2"]
[White "Zellner, Richard"]
[Black "Wiegner, Denis"]
[Result "0-1"]
[WhiteElo "2099"]
[BlackElo "2161"]
[PlyCount "50"]
[EventDate "2011.10.02"]
[EventType "team-tourn"]
[EventRounds "9"]
[EventCountry "GER"]
[SourceTitle "EXT 2015"]
[Source "ChessBase"]
[SourceDate "2014.11.20"]
[SourceVersion "1"]
[SourceVersionDate "2014.11.20"]
[SourceQuality "1"]
[WhiteTeam "Schwabing SG Nord"]
[BlackTeam "Garching II"]
[WhiteTeamCountry "GER"]
[BlackTeamCountry "GER"]

1. e4 e6 2. d4 d5 3. Nd2 Nf6 4. e5 Nfd7 5. Ngf3 c5 6. c3 Nc6 7. Bd3 a5 8. 0-0 a4 9. Re1 a3 10. Bc2 axb2 11. Bxb2 c4 12. Nf1 Ba3 13. Bc1 Qa5 14. Bxa3 Qxa3 15. Re3 h6 16. h3 Nb6 17. Ng3 Bd7 18. Rb1 Ra6 19. Nh5 g6 20. Nf6+ Kd8 21. Ne1 Kc7 22. Rf3 Nd8 23. Qd2 Qxa2 24. Qf4 Ba4 25. Bxa4 Qxb1 0-1

[Event "Regionalliga SW 1011"]
[Site "Bayern"]
[Date "2011.04.10"]
[Round "9.1"]
[White "Miskevicer, Boris"]
[Black "Wiegner, Denis"]
[Result "1-0"]
[WhiteElo "2039"]
[BlackElo "2165"]
[PlyCount "105"]
[EventDate "2010.10.10"]
[EventType "team-tourn"]
[EventRounds "9"]
[EventCountry "GER"]
[SourceTitle "EXT 2012"]
[Source "ChessBase"]
[SourceDate "2011.11.24"]
[SourceVersion "1"]
[SourceVersionDate "2011.11.24"]
[SourceQuality "1"]
[WhiteTeam "Muenchen Schwabing"]
[BlackTeam "Garching II"]
[WhiteTeamCountry "GER"]
[BlackTeamCountry "GER"]

1. d4 f5 2. c4 Nf6 3. g3 g6 4. Bg2 Bg7 5. Nc3 0-0 6. Nf3 d6 7. 0-0 Qe8 8. d5 a5 9. e4 fxe4 10. Ng5 Bg4 11. Qe1 Na6 12. Ngxe4 Nb4 13. Qd2 Nxe4 14. Nxe4 h6 15. a3 Na6 16. Rb1 a4 17. h3 Bf3 18. Qe3 Qf7 19. Bd2 Rae8 20. Bc3 Bxg2 21. Kxg2 e6 22. Bxg7 Kxg7 23. Qc3+ Kh7 24. dxe6 Rxe6 25. Rbe1 Qe7 26. f3 c6 27. Rd1 d5 28. cxd5 cxd5 29. Nf2 Re3 30. Rfe1 Rfxf3 31. Rxe3 Rxe3 32. Qd4 Qe5 33. Qxe5 Rxe5 34. Nd3 Re2+ 35. Kf3 Rc2 36. Re1 b5 37. Re7+ Kg8 38. Ke3 Nc7 39. Kd4 Rc4+ 40. Ke5 Re4+ 41. Kd6 Ne8+ 42. Kd7 Nf6+ 43. Kd6 Ne8+ 44. Kd7 Nf6+ 45. Kd8 Kf8 46. Ne5 g5 47. Re6 Kg7 48. Ke7 d4 49. Kd6 d3 50. Re7+ Kf8 51. Nd7+ Nxd7 52. Rxe4 Nb6 53. Rd4 1-0

[Event "Regionalliga SW 1011"]
[Site "Bayern"]
[Date "2011.03.20"]
[Round "8.1"]
[White "Wiegner, Denis"]
[Black "Moufang, Rainer"]
[Result "0-1"]
[WhiteElo "2165"]
[BlackElo "2293"]
[PlyCount "106"]
[EventDate "2010.10.10"]
[EventType "team-tourn"]
[EventRounds "9"]
[EventCountry "GER"]
[SourceTitle "EXT 2012"]
[Source "ChessBase"]
[SourceDate "2011.11.24"]
[SourceVersion "1"]
[SourceVersionDate "2011.11.24"]
[SourceQuality "1"]
[WhiteTeam "Garching II"]
[BlackTeam "Haar"]
[WhiteTeamCountry "GER"]
[BlackTeamCountry "GER"]

1. e4 Nf6 2. e5 Nd5 3. d4 d6 4. Nf3 dxe5 5. Nxe5 c6 6. c4 Nb6 7. Be3 N8d7 8. Nxd7 Nxd7 9. Bd3 e5 10. 0-0 Be7 11. Nc3 exd4 12. Bxd4 0-0 13. Qc2 h6 14. Rad1 Bf6 15. Bf5 Bxd4 16. Rxd4 Qc7 17. Rfd1 Nf6 18. c5 Qe5 19. Bxc8 Raxc8 20. Ne2 Rfe8 21. Ng3 g6 22. h3 Kg7 23. b4 Re7 24. R4d2 Rce8 25. Re2 Qf4 26. Rxe7 Rxe7 27. Qc3 Re5 28. Rd4 Re1+ 29. Qxe1 Qxd4 30. a3 a5 31. Ne2 Qb2 32. bxa5 Qxa3 33. Qb1 Qxa5 34. Ng3 Qxc5 35. Qxb7 Qc1+ 36. Kh2 c5 37. Qe7 Qc3 38. Ne2 Qd2 39. Qe5 Qd5 40. Qc3 Qd6+ 41. g3 Kg8 42. Nf4 Ne4 43. Qf3 Qd4 44. Kg2 c4 45. Qe3 Qxe3 46. fxe3 Kg7 47. Kf3 f5 48. g4 Kf6 49. h4 c3 50. Nd3 c2 51. Nc1 Nc3 52. Kf4 Nd5+ 53. Kf3 fxg4+ 0-1

[Event "Regionalliga SW 1011"]
[Site "Bayern"]
[Date "2011.01.16"]
[Round "5.1"]
[White "Komljenovic, Luka"]
[Black "Wiegner, Denis"]
[Result "0-1"]
[WhiteElo "2207"]
[BlackElo "2165"]
[PlyCount "74"]
[EventDate "2010.10.10"]
[EventType "team-tourn"]
[EventRounds "9"]
[EventCountry "GER"]
[SourceTitle "EXT 2012"]
[Source "ChessBase"]
[SourceDate "2011.11.24"]
[SourceVersion "1"]
[SourceVersionDate "2011.11.24"]
[SourceQuality "1"]
[WhiteTeam "Unterhaching"]
[BlackTeam "Garching II"]
[WhiteTeamCountry "GER"]
[BlackTeamCountry "GER"]

1. Nf3 d5 2. d4 Nf6 3. c4 c6 4. Nc3 a6 5. a4 e6 6. Bg5 h6 7. Bh4 dxc4 8. e3 b5 9. Bxf6 gxf6 10. axb5 cxb5 11. Nxb5 axb5 12. Rxa8 Bb7 13. Ra1 Bb4+ 14. Nd2 e5 15. Be2 Bxg2 16. Rg1 Qd5 17. f3 exd4 18. Rxg2 dxe3 19. Kf1 exd2 20. Qc2 Ke7 21. Ra7+ Nd7 22. Bd1 Kd6 23. Qe4 Qxe4 24. Rxd7+ Kxd7 25. fxe4 Re8 26. Re2 Ra8 27. Rf2 Re8 28. Bc2 Rxe4 29. Rxd2+ Bxd2 30. Bxe4 Kd6 31. Bc2 b4 32. b3 Kc5 33. Ke2 Bf4 34. h3 Kd4 35. bxc4 Kxc4 36. Kd1 Kc3 37. Bb1 b3 0-1

[Event "Regionalliga SW 1011"]
[Site "Bayern"]
[Date "2010.12.12"]
[Round "4.1"]
[White "Wiegner, Denis"]
[Black "Jussupow, Nadejda"]
[Result "1-0"]
[WhiteElo "2165"]
[BlackElo "2055"]
[PlyCount "67"]
[EventDate "2010.10.10"]
[EventType "team-tourn"]
[EventRounds "9"]
[EventCountry "GER"]
[SourceTitle "EXT 2012"]
[Source "ChessBase"]
[SourceDate "2011.11.24"]
[SourceVersion "1"]
[SourceVersionDate "2011.11.24"]
[SourceQuality "1"]
[WhiteTeam "Garching II"]
[BlackTeam "Krumbach II"]
[WhiteTeamCountry "GER"]
[BlackTeamCountry "GER"]

1. e4 c5 2. Nf3 g6 3. c3 d5 4. exd5 Qxd5 5. d4 Bg7 6. Be3 cxd4 7. cxd4 Bg4 8. Be2 Nc6 9. Nc3 Qa5 10. Qb3 Qb4 11. d5 Qxb3 12. axb3 Nb4 13. Rxa7 Rxa7 14. Bb5+ Bd7 15. Bxd7+ Kxd7 16. Bxa7 Nh6 17. Ke2 Rc8 18. Bd4 Bxd4 19. Nxd4 Rc5 20. Rd1 Nf5 21. Nxf5 gxf5 22. Rd4 Na6 23. Rh4 f6 24. b4 Rc8 25. b5 Nc7 26. Rxh7 Kd6 27. Kd3 b6 28. h4 Rg8 29. g3 Rg4 30. h5 Rb4 31. h6 Nxb5 32. Rxe7 Rd4+ 33. Ke3 f4+ 34. gxf4 1-0

[Event "Regionalliga SW 1011"]
[Site "Bayern"]
[Date "2010.11.14"]
[Round "3.1"]
[White "Markl, Martin"]
[Black "Wiegner, Denis"]
[Result "0-1"]
[WhiteElo "2077"]
[BlackElo "2165"]
[PlyCount "112"]
[EventDate "2010.10.10"]
[EventType "team-tourn"]
[EventRounds "9"]
[EventCountry "GER"]
[SourceTitle "EXT 2012"]
[Source "ChessBase"]
[SourceDate "2011.11.24"]
[SourceVersion "1"]
[SourceVersionDate "2011.11.24"]
[SourceQuality "1"]
[WhiteTeam "Muenchen Siemens"]
[BlackTeam "Garching II"]
[WhiteTeamCountry "GER"]
[BlackTeamCountry "GER"]

1. d4 f5 2. Qd3 d5 3. g4 fxg4 4. h3 Nf6 5. Nc3 Nc6 6. Bg5 Be6 7. Bxf6 exf6 8. hxg4 Qd7 9. f3 0-0-0 10. a3 Na5 11. b3 Bd6 12. e3 Bg3+ 13. Kd1 c5 14. Qb5 Qxb5 15. Nxb5 a6 16. Nc3 cxd4 17. exd4 Bf2 18. Nce2 Be3 19. Rb1 f5 20. gxf5 Bxf5 21. Bh3 Bxh3 22. Rxh3 Nc6 23. c3 Rdf8 24. Kc2 Bg5 25. Rg3 Bf6 26. Nf4 Ne7 27. Nge2 Kd7 28. Rh1 g6 29. Rgh3 h5 30. Rg1 Rfg8 31. Nd3 g5 32. Rgh1 h4 33. Re1 b6 34. Ne5+ Bxe5 35. dxe5 Nf5 36. Nd4 Nxd4+ 37. cxd4 g4 38. fxg4 Rxg4 39. Kd3 Rf8 40. Kc3 Rff4 41. Rd1 Rg3+ 42. Rxg3 hxg3 43. Rg1 Rf3+ 44. Kc2 Ke6 45. Re1 b5 46. a4 b4 47. Rg1 Kf5 48. Re1 g2 49. Rg1 Rg3 50. a5 Kf4 51. e6 Kf3 52. e7 Rg8 53. Re1 Kf2 54. Kd2 g1Q 55. e8Q Rxe8 56. Rxe8 Qg5+ 0-1

[Event "Oberliga Bayern 0910"]
[Site "Bayern"]
[Date "2010.04.11"]
[Round "9.5"]
[White "Wiegner, Denis"]
[Black "Wiemer, Peter"]
[Result "1-0"]
[WhiteElo "2191"]
[BlackElo "2142"]
[PlyCount "53"]
[EventDate "2009.10.18"]
[EventType "team-tourn"]
[EventRounds "9"]
[EventCountry "GER"]
[SourceTitle "EXT 2011"]
[Source "ChessBase"]
[SourceDate "2010.11.26"]
[SourceVersion "1"]
[SourceVersionDate "2010.11.26"]
[SourceQuality "1"]
[WhiteTeam "Garching"]
[BlackTeam "Zirndorf"]
[WhiteTeamCountry "GER"]
[BlackTeamCountry "GER"]

1. e4 e6 2. d4 d5 3. Nd2 h6 4. c3 c5 5. Bd3 Nc6 6. Ne2 cxd4 7. cxd4 dxe4 8. Nxe4 Nf6 9. 0-0 Be7 10. Nxf6+ Bxf6 11. Be3 0-0 12. Rc1 Bd7 13. Bb1 Re8 14. Qd3 Ne7 15. Qh7+ Kf8 16. d5 Ng8 17. Bc5+ Be7 18. dxe6 Bxe6 19. Rfd1 Qb8 20. Bd4 Bf6 21. Bc5+ Be7 22. Bd4 Bf6 23. Bxf6 Nxf6 24. Qh8+ Ke7 25. Qxg7 Qe5 26. Qg3 Qxe2 27. Qd6# 1-0